Xử lý nước thải đô thị & công nghiệp: Tính toán thiết kế công trình = Domestic and industrial wastewater treatment : Calculation and engineering design

Sách giới thiệu một số mô hình và phương pháp nghiên cứu để giúp sinh viên làm quen với cách tiến hành các nghiên cứu thực nghiệm, xác định các thông số tính toán thiết kế phù hợp với điều kiện cụ thể của từng địa phương....

Fuld beskrivelse

Đã lưu trong:
Bibliografiske detaljer
Hovedforfatter: Lâm, Minh Triết
Format: Bog
Sprog:Undetermined
Udgivet: Thành phố Hồ Chí Minh Đại Học Quốc Gia 2006
Fag:
Tags: Tilføj Tag
Ingen Tags, Vær først til at tagge denne postø!
Thư viện lưu trữ: Trung tâm Học liệu Trường Đại học Cần Thơ
LEADER 01368nam a2200253Ia 4500
001 CTU_120068
008 210402s9999 xx 000 0 und d
020 |c 55000 
082 |a 628.3 
082 |b Tr308 
100 |a Lâm, Minh Triết 
245 0 |a Xử lý nước thải đô thị & công nghiệp: Tính toán thiết kế công trình = 
245 0 |b Domestic and industrial wastewater treatment : Calculation and engineering design 
245 0 |c Lâm Minh Triết 
260 |a Thành phố Hồ Chí Minh 
260 |b Đại Học Quốc Gia 
260 |c 2006 
520 |a Sách giới thiệu một số mô hình và phương pháp nghiên cứu để giúp sinh viên làm quen với cách tiến hành các nghiên cứu thực nghiệm, xác định các thông số tính toán thiết kế phù hợp với điều kiện cụ thể của từng địa phương. 
526 |a Kỹ thuật xử lý nước thải và nước cấp nâng cao,Kỹ thuật xử lý nước thải,Kỹ thuật xử lý nước thải 
526 |b MT681,SP504,MT338 
650 |a Sewage,Factory and trade waste 
650 |x Purification,Management 
904 |i Minh 
980 |a Trung tâm Học liệu Trường Đại học Cần Thơ